000 nam a22 a 4500
999 _c401696
_d401696
003 BLK
005 20210329124907.0
008 210322b bu |||||r|||| 00| | bu d
040 _aBLK
041 _aBUL
_cBUL
080 _aПсихологически тип. Темперамент
_b159.923.4
_z159.923.4
100 _91299
_aЛесгафт, Пьотр Францевич
_eпърви автор
139 _aЛесгафт, Пьотр Францевич
245 _aУчилищни типове
_bАнтропол. етюд
_cП. Лесгафт.
260 _9216424
_aВарна
_bкниж. К. Евстатиев
_c1898
_fВарна : Печ. Взаимност
300 _a192 с.
_c20 см
380 _a1
700 _91107
_aТодоров, В.
_eпрев. от ориг.
852 _aЦб Рб 898
_bЦб
942 _cKNG
_n0
_s1
944 _aCR
_c2021-03-22
_kА.М.
999 _d401696
999 _d401696